[Event "Altenkirchen Seniors op 18th"]
[Site "Altenkirchen"]
[Date "2021.07.10"]
[Round "9"]
[White "Klein, Gernot"]
[Black "Krueger, Detlef"]
[Result "1-0"]
[WhiteElo "1890"]
[BlackElo "1809"]
[PlyCount "139"]
[EventDate "2021.07.02"]
[EventType "swiss"]
[EventRounds "9"]
[EventCountry "GER"]
[SourceTitle "CBM 203 Extra"]
[Source "ChessBase"]
[SourceDate "2021.09.30"]
[SourceVersion "1"]
[SourceVersionDate "2021.09.30"]
[SourceQuality "1"]

1. e4 d5 2. exd5 Nf6 3. d4 Qxd5 4. Nc3 Qa5 5. Bc4 Bg4 6. f3 Bf5 7. Bd2 c6 8. Nd5 Qd8 9. Nxf6+ exf6 10. Ne2 Bd6 11. g4 Be6 12. Bd3 Qc7 13. h4 Bg3+ 14. Nxg3 Qxg3+ 15. Kf1 0-0 16. Qe2 Bd5 17. Be4 Be6 18. Bd3 Bd5 19. Be4 Be6 20. Be1 Qf4 21. Kg2 Qd6 22. Bf2 Nd7 23. Qd3 h6 24. g5 fxg5 25. hxg5 f5 26. gxf6 Nxf6 27. Bg3 Qd7 28. Bg6 Nd5 29. Rh4 Bf5 30. Bxf5 Qxf5 31. Qxf5 Ne3+ 32. Kf2 Nxf5 33. Rg4 Nxg3 34. Rxg3 Rae8 35. Rag1 Rf7 36. Rg6 Kh7 37. R6g4 Re6 38. Rd1 Rf5 39. c4 g5 40. d5 cxd5 41. Rxd5 Kg6 42. Rgd4 Ref6 43. Rxf5 Rxf5 44. Kg3 h5 45. Rd8 h4+ 46. Kg2 h3+ 47. Kg3 Rf4 48. b3 Rh4 49. Kh2 Rf4 50. Rd3 Rh4 51. c5 Rh7 52. Rd5 Rf7 53. Rd3 Rh7 54. b4 Kf5 55. b5 Ke5 56. c6 bxc6 57. bxc6 Rc7 58. Rc3 Kf4 59. Kxh3 Rh7+ 60. Kg2 Rc7 61. Rc5 Ke3 62. Kg3 Kd4 63. Rc1 Kd5 64. Kg4 Rxc6 65. Rxc6 Kxc6 66. Kxg5 Kd7 67. Kf6 Ke8 68. Ke6 a5 69. a4 Kf8 70. Kd6 1-0

[Event "Altenkirchen Seniors op 18th"]
[Site "Altenkirchen"]
[Date "2021.07.04"]
[Round "3"]
[White "Etzold, Ernst Walter"]
[Black "Krueger, Detlef"]
[Result "1-0"]
[WhiteElo "1992"]
[BlackElo "1809"]
[PlyCount "73"]
[EventDate "2021.07.02"]
[EventType "swiss"]
[EventRounds "9"]
[EventCountry "GER"]
[SourceTitle "CBM 203 Extra"]
[Source "ChessBase"]
[SourceDate "2021.09.30"]
[SourceVersion "1"]
[SourceVersionDate "2021.09.30"]
[SourceQuality "1"]

1. d4 d5 2. Nf3 Nf6 3. c4 c6 4. Nc3 Bf5 5. e3 e6 6. Bd3 Bg6 7. 0-0 Nbd7 8. b3 Bb4 9. Bb2 Ne4 10. Bxe4 Bxc3 11. Bxc3 Bxe4 12. Ne1 Qg5 13. Qe2 Nf6 14. f3 Bg6 15. Qf2 h5 16. Bb4 h4 17. Bd6 Nh5 18. f4 Qg4 19. Qf3 Nf6 20. Be5 Be4 21. Qf2 Nh5 22. Nf3 Ng3 23. h3 Qg6 24. Rfd1 Kd7 25. Rac1 f6 26. cxd5 exd5 27. f5 Nxf5 28. Bf4 Rae8 29. Ne1 Ng3 30. Qd2 Bf5 31. Qb4 Ne2+ 32. Kf1 Nxf4 33. Qxb7+ Kd8 34. Rxc6 Bd7 35. Qb8+ Ke7 36. Qd6+ Kd8 37. Rdc1 1-0

[Event "Altenkirchen Seniors op 18th"]
[Site "Altenkirchen"]
[Date "2021.07.02"]
[Round "1"]
[White "Krueger, Detlef"]
[Black "Bade, Uwe"]
[Result "0-1"]
[WhiteElo "1809"]
[BlackElo "2134"]
[PlyCount "82"]
[EventDate "2021.07.02"]
[EventType "swiss"]
[EventRounds "9"]
[EventCountry "GER"]
[SourceTitle "CBM 203 Extra"]
[Source "ChessBase"]
[SourceDate "2021.09.30"]
[SourceVersion "1"]
[SourceVersionDate "2021.09.30"]
[SourceQuality "1"]

1. e4 e5 2. d4 exd4 3. Bc4 Nf6 4. Bg5 h6 5. Bh4 g5 6. Bg3 Nxe4 7. Qxd4 Nxg3 8. hxg3 Qe7+ 9. Ne2 Rg8 10. Nbc3 Bg7 11. Qd3 c6 12. 0-0-0 d5 13. Bxd5 Nd7 14. Bf3 Ne5 15. Qe4 Bd7 16. Bh5 0-0-0 17. f4 f5 18. Qe3 gxf4 19. gxf4 Ng6 20. Qxa7 Bxc3 21. Nxc3 Nxf4 22. Qa8+ Kc7 23. Qa5+ Kb8 24. Rhe1 Qg5 25. Qe5+ Kc8 26. Kb1 Nd5 27. Nxd5 cxd5 28. Bf7 Rgf8 29. Qxd5 f4 30. Re5 Qf6 31. Bh5 Bc6 32. Bg4+ Kb8 33. Qc5 f3 34. Bxf3 Qxf3 35. Rxd8+ Rxd8 36. a4 Qxg2 37. a5 Rd5 38. Qb6 Qf1+ 39. Ka2 Qf8 40. Re6 Rg5 41. Qe3 Bd5+ 0-1

[Event "MVP-ch Seniors op 19th"]
[Site "Ostseebad Binz"]
[Date "2019.11.27"]
[Round "1"]
[White "Krueger, Detlef"]
[Black "Urban, Hans Rainer"]
[Result "0-1"]
[WhiteElo "1789"]
[BlackElo "2089"]
[PlyCount "86"]
[EventDate "2019.11.27"]
[EventType "swiss"]
[EventRounds "9"]
[EventCountry "GER"]
[SourceTitle "EXT 2021"]
[Source "ChessBase"]
[SourceDate "2020.10.23"]
[SourceVersion "1"]
[SourceVersionDate "2020.10.23"]
[SourceQuality "1"]

1. e4 d6 2. d4 Nf6 3. Nc3 g6 4. Bf4 Bg7 5. Nf3 0-0 6. Qd2 Nc6 7. h3 d5 8. e5 Ne4 9. Nxe4 dxe4 10. Ng5 Qxd4 11. Qxd4 Nxd4 12. 0-0-0 Ne6 13. Nxe6 Bxe6 14. g3 g5 15. Bxg5 Bxe5 16. Bxe7 Rfe8 17. Bc5 Rad8 18. Bg2 f5 19. Be3 a5 20. c3 Bxa2 21. Rxd8 Rxd8 22. Rd1 Rxd1+ 23. Kxd1 Bc4 24. Kd2 Kf7 25. Bf4 Ke6 26. Ke3 c5 27. g4 Bd5 28. Bf1 a4 29. Bxe5 Kxe5 30. c4 f4+ 31. Kd2 Be6 32. Kc3 f3 33. Kc2 Kf4 34. Kd2 Bd7 35. Ke1 Be6 36. Kd2 b6 37. Ke1 Bf7 38. Kd2 Bg6 39. Ke1 e3 40. fxe3+ Kxe3 41. h4 f2+ 42. Kd1 Bd3 43. Bh3 f1Q+ 0-1

[Event "MVP-ch Seniors op 18th"]
[Site "Ostseebad Binz"]
[Date "2018.12.03"]
[Round "6"]
[White "Kuehn, Peter1111"]
[Black "Krueger, Detlef"]
[Result "1-0"]
[WhiteElo "1929"]
[BlackElo "1783"]
[PlyCount "57"]
[EventDate "2018.11.28"]
[EventType "swiss"]
[EventRounds "9"]
[EventCountry "GER"]
[SourceTitle "CBM 188 Extra"]
[Source "ChessBase"]
[SourceDate "2019.02.26"]
[SourceVersion "1"]
[SourceVersionDate "2019.02.26"]
[SourceQuality "1"]

1. e4 d5 2. exd5 Nf6 3. d4 Nxd5 4. c4 Nf6 5. Nf3 Bf5 6. Nc3 e6 7. Be2 Nbd7 8. Qb3 b6 9. 0-0 Be7 10. Ne5 Nxe5 11. dxe5 Nd7 12. Bf3 Rc8 13. Bc6 0-0 14. Rd1 Nc5 15. Rxd8 Rcxd8 16. Qa3 Ne4 17. Qxe7 Nxc3 18. h3 Rd1+ 19. Kh2 Ne2 20. Bf3 Rxc1 21. Rxc1 Nxc1 22. Qxc7 Nxa2 23. Qxa7 Nb4 24. Qxb6 Nd3 25. Qd4 h6 26. c5 Rb8 27. c6 Rb4 28. Qxb4 Nxb4 29. c7 1-0

[Event "MVP-ch Seniors op 17th"]
[Site "Binz"]
[Date "2017.12.06"]
[Round "8.61"]
[White "Moeller, Peter1111"]
[Black "Krueger, Detlef"]
[Result "1-0"]
[WhiteElo "1682"]
[BlackElo "1834"]
[PlyCount "142"]
[EventDate "2017.11.29"]
[EventType "swiss"]
[EventRounds "9"]
[EventCountry "GER"]
[SourceTitle "EXT 2019"]
[Source "ChessBase"]
[SourceDate "2018.10.10"]
[SourceVersion "1"]
[SourceVersionDate "2018.10.10"]
[SourceQuality "1"]

1. d4 Nf6 2. Bf4 g6 3. e3 Bg7 4. c3 0-0 5. Bd3 d5 6. Nf3 e6 7. Nbd2 Nbd7 8. Ne5 Nh5 9. Nxd7 Nxf4 10. exf4 Bxd7 11. 0-0 b6 12. Nf3 c5 13. Be2 f6 14. Re1 Qc7 15. g3 Rae8 16. Bf1 Re7 17. Qd2 Bh6 18. Qe2 Rfe8 19. Qc2 Bg7 20. Re2 Rf7 21. Rae1 Qd6 22. Bh3 Rfe7 23. Re3 a6 24. Qe2 Bb5 25. Qc2 Bd7 26. Nh4 cxd4 27. cxd4 Rc8 28. Qe2 f5 29. Nf3 b5 30. Qd2 Be8 31. Bf1 Bf7 32. Bd3 Qb6 33. Bf1 Rec7 34. Rc3 b4 35. Rxc7 Rxc7 36. Ne5 a5 37. Rd1 a4 38. Qd3 b3 39. axb3 axb3 40. Rd2 Be8 41. Qa6 Qxa6 42. Bxa6 Rc2 43. Re2 Rc1+ 44. Kg2 Ra1 45. Bd3 h6 46. h4 Bf6 47. Re3 Ra2 48. Re2 Bd8 49. Kf3 g5 50. fxg5 hxg5 51. hxg5 Bxg5 52. Kg2 Bh5 53. f3 Kg7 54. Nd7 Kf7 55. Nc5 Bc1 56. Nxb3 Rxb2 57. Nxc1 Rxe2+ 58. Bxe2 Kf6 59. Nd3 Be8 60. Ne5 Ba4 61. Kf2 Kg5 62. Ke3 Be8 63. Ba6 Kf6 64. Bc8 Ba4 65. Kf4 Be8 66. g4 fxg4 67. fxg4 Ba4 68. g5+ Ke7 69. Nd3 Bc2 70. Nc5 Bf5 71. Ke5 Bh3 1-0

[Event "MVP-ch Seniors op 17th"]
[Site "Binz"]
[Date "2017.12.01"]
[Round "3.40"]
[White "Krueger, Detlef"]
[Black "Meyer, Irmin"]
[Result "1/2-1/2"]
[WhiteElo "1834"]
[BlackElo "2034"]
[PlyCount "94"]
[EventDate "2017.11.29"]
[EventType "swiss"]
[EventRounds "9"]
[EventCountry "GER"]
[SourceTitle "EXT 2019"]
[Source "ChessBase"]
[SourceDate "2018.10.10"]
[SourceVersion "1"]
[SourceVersionDate "2018.10.10"]
[SourceQuality "1"]

1. e4 c6 2. d4 d5 3. exd5 cxd5 4. Nc3 Nc6 5. Nf3 Bg4 6. Be2 Nf6 7. 0-0 e6 8. Re1 Be7 9. Bf4 0-0 10. a3 a6 11. Qd3 Bf5 12. Qd2 Ne4 13. Qe3 Rc8 14. Bd3 Nxc3 15. bxc3 Bxd3 16. Qxd3 Na5 17. Ne5 f6 18. Ng4 Rc6 19. Qg3 Kh8 20. Qh3 Bd6 21. Bxd6 Qxd6 22. Qd3 Nc4 23. Rab1 Qc7 24. Rb3 Na5 25. Re3 Qf7 26. Rb1 Qg6 27. Qe2 Re8 28. f4 Qf7 29. Re1 Nc4 30. Rf3 Nxa3 31. f5 Nc4 32. Nf2 e5 33. Nd3 e4 34. Nf4 Nd6 35. Rh3 Nxf5 36. Rf1 Ne7 37. Qg4 f5 38. Qg5 Ng8 39. Re1 g6 40. Ree3 Qf6 41. Rxh7+ Kxh7 42. Rh3+ Kg7 43. Nh5+ Kf7 44. Nxf6 Nxf6 45. Rh6 Rg8 46. Qc1 Re8 47. Qb2 Re7 1/2-1/2

[Event "MVP-ch Seniors op 17th"]
[Site "Binz"]
[Date "2017.11.29"]
[Round "1.14"]
[White "Krueger, Detlef"]
[Black "Schreiber, Kurt"]
[Result "0-1"]
[WhiteElo "1834"]
[BlackElo "2124"]
[PlyCount "82"]
[EventDate "2017.11.29"]
[EventType "swiss"]
[EventRounds "9"]
[EventCountry "GER"]
[SourceTitle "EXT 2019"]
[Source "ChessBase"]
[SourceDate "2018.10.10"]
[SourceVersion "1"]
[SourceVersionDate "2018.10.10"]
[SourceQuality "1"]

1. d4 Nf6 2. c4 d6 3. Nc3 Nbd7 4. e4 e5 5. dxe5 dxe5 6. Nf3 c6 7. Qc2 Be7 8. h3 Qc7 9. Be3 0-0 10. Be2 Re8 11. 0-0 b6 12. a3 Nf8 13. Rac1 Ne6 14. Rfd1 Bb7 15. Ng5 Nf8 16. Qb3 h6 17. Nf3 Ne6 18. Rd3 Bc5 19. Qd1 Bxe3 20. Rxe3 Nf4 21. Nh4 g6 22. Rg3 Kh7 23. Rc2 Qe7 24. Rd2 Rad8 25. Bg4 Rxd2 26. Qxd2 Rd8 27. Qc1 Rd4 28. Nf3 Rxc4 29. Nd2 Rxc3 30. Qxc3 Nxg4 31. Qc4 Nf6 32. Kh2 b5 33. Qb3 Bc8 34. Rc3 Bd7 35. Re3 c5 36. Nf3 Bc6 37. Nxe5 Qxe5 38. Qxf7+ Kh8 39. Qf8+ Ng8 40. g3 Ne6 41. Qf7 Qf6 0-1

[Event "Berlin Lichtenberger op 16th"]
[Site "Berlin"]
[Date "2017.08.26"]
[Round "8"]
[White "Krueger, Detlef"]
[Black "Junge, Wolfgang"]
[Result "1-0"]
[WhiteElo "1816"]
[BlackElo "1853"]
[PlyCount "33"]
[EventDate "2017.08.19"]
[EventType "swiss"]
[EventRounds "9"]
[EventCountry "GER"]
[SourceTitle "CBM 180 Extra"]
[Source "ChessBase"]
[SourceDate "2017.10.06"]
[SourceVersion "1"]
[SourceVersionDate "2017.10.06"]
[SourceQuality "1"]

1. e4 e5 2. d4 exd4 3. c3 dxc3 4. Nxc3 d6 5. Bc4 Be6 6. Bxe6 fxe6 7. Nf3 Nd7 8. Qb3 Nc5 9. Qc4 c6 10. Be3 d5 11. exd5 exd5 12. Qe2 Qe7 13. 0-0 Nf6 14. Rfe1 Kd8 15. Rad1 Nce4 16. Qc2 Qc7 17. Nxe4 1-0

[Event "Berlin Lichtenberger op 16th"]
[Site "Berlin"]
[Date "2017.08.25"]
[Round "7"]
[White "Schmidt, Juergen"]
[Black "Krueger, Detlef"]
[Result "1/2-1/2"]
[WhiteElo "1952"]
[BlackElo "1816"]
[PlyCount "128"]
[EventDate "2017.08.19"]
[EventType "swiss"]
[EventRounds "9"]
[EventCountry "GER"]
[SourceTitle "CBM 180 Extra"]
[Source "ChessBase"]
[SourceDate "2017.10.06"]
[SourceVersion "1"]
[SourceVersionDate "2017.10.06"]
[SourceQuality "1"]

1. e4 d5 2. exd5 Nf6 3. d4 Nxd5 4. Nf3 Nc6 5. Be2 e6 6. 0-0 Be7 7. c4 Nf6 8. Nc3 0-0 9. h3 Bb4 10. Qd3 Re8 11. Ne4 Nxe4 12. Qxe4 Be7 13. Rd1 Bf6 14. Ne5 Bxe5 15. dxe5 Qe7 16. Bf4 f5 17. exf6 Qxf6 18. Bd3 g6 19. Bxc7 e5 20. c5 Rf8 21. Bc4+ Kg7 22. Qe3 Re8 23. Bb5 a6 24. Bxc6 bxc6 25. Ba5 Ra7 26. Bc3 Rf7 27. Rd6 Re6 28. Rxe6 Qxe6 29. Qxe5+ Qxe5 30. Bxe5+ Kg8 31. Rd1 Rd7 32. Bd6 Kf7 33. Re1 Rb7 34. b3 Be6 35. f4 h5 36. Re4 Kf6 37. Ra4 Ra7 38. Kf2 Bf5 39. Kf3 Bd3 40. Rd4 Bb1 41. Rd2 Kf5 42. g4+ hxg4+ 43. hxg4+ Ke6 44. Rb2 Bd3 45. Ke3 Bb5 46. a4 Bf1 47. f5+ gxf5 48. gxf5+ Kf6 49. Kf4 Rh7 50. Be5+ Kf7 51. Rf2 Rh1 52. Bb2 Bh3 53. Ke5 Rd1 54. Bd4 Rd3 55. b4 Rb3 56. b5 axb5 57. axb5 Rxb5 58. Kd6 Rb8 59. Kxc6 Rd8 60. Bb2 Bg4 61. Kc7 Rd5 62. f6 Rxc5+ 63. Kd6 Rc8 64. Rg2 Rg8 1/2-1/2

[Event "Berlin Lichtenberger op 16th"]
[Site "Berlin"]
[Date "2017.08.22"]
[Round "4"]
[White "Polatel, Nur"]
[Black "Krueger, Detlef"]
[Result "0-1"]
[WhiteElo "1355"]
[BlackElo "1816"]
[PlyCount "56"]
[EventDate "2017.08.19"]
[EventType "swiss"]
[EventRounds "9"]
[EventCountry "GER"]
[SourceTitle "CBM 180 Extra"]
[Source "ChessBase"]
[SourceDate "2017.10.06"]
[SourceVersion "1"]
[SourceVersionDate "2017.10.06"]
[SourceQuality "1"]

1. e4 d5 2. exd5 Nf6 3. Nc3 Nxd5 4. Bc4 Nxc3 5. bxc3 e6 6. d4 c5 7. Nf3 Nd7 8. Qe2 Nb6 9. Bb3 Qc7 10. Ne5 Bd6 11. a3 cxd4 12. cxd4 Qc3+ 13. Qd2 Qxa1 14. 0-0 Bxa3 15. Qf4 0-0 16. Bd2 Qb2 17. Nd3 Nd5 18. Qe4 Nc3 19. Qe3 Ne2+ 20. Kh1 Qxd4 21. Qxe2 b6 22. c3 Qd7 23. Ra1 Bd6 24. Ra4 Qb5 25. Rh4 Qxb3 26. Qh5 Qb1+ 27. Nc1 Bb7 28. Qxh7+ Qxh7 0-1

[Event "Berlin-ch Seniors op 33rd"]
[Site "Berlin"]
[Date "2017.02.06"]
[Round "6"]
[White "Trostel, Uwe"]
[Black "Krueger, Detlef"]
[Result "1/2-1/2"]
[WhiteElo "1896"]
[BlackElo "1814"]
[PlyCount "67"]
[EventDate "2017.01.31"]
[EventType "swiss"]
[EventRounds "9"]
[EventCountry "GER"]
[SourceTitle "EXT 2019"]
[Source "ChessBase"]
[SourceDate "2018.10.10"]
[SourceVersion "1"]
[SourceVersionDate "2018.10.10"]
[SourceQuality "1"]

1. d4 d5 2. c4 e6 3. Nf3 Nf6 4. Bg5 Be7 5. e3 0-0 6. Nc3 Nc6 7. Rc1 h6 8. Bh4 b6 9. cxd5 exd5 10. Bb5 Bb7 11. 0-0 a6 12. Bd3 Nb4 13. Bb1 c5 14. a3 Nc6 15. Qc2 g6 16. dxc5 bxc5 17. Rfd1 d4 18. exd4 cxd4 19. Ba2 Kg7 20. Ne2 Rc8 21. Qd3 Qb6 22. b4 Rfd8 23. Qb3 Nd5 24. Bxe7 Ncxe7 25. Rxc8 Bxc8 26. Nexd4 Bg4 27. Qb2 Qf6 28. Qb3 Nf4 29. h3 Bxf3 30. Nxf3 Rc8 31. Nd4 Rd8 32. Nf3 Rc8 33. Nd4 Rd8 34. Nf3 1/2-1/2

[Event "MVP-ch Seniors op 16th"]
[Site "Binz"]
[Date "2016.11.23"]
[Round "1.30"]
[White "Krueger, Detlef"]
[Black "Thiele, Guenter"]
[Result "1-0"]
[WhiteElo "1787"]
[BlackElo "2027"]
[PlyCount "37"]
[EventDate "2016.11.23"]
[EventType "swiss"]
[EventRounds "9"]
[EventCountry "GER"]
[SourceTitle "EXT 2018"]
[Source "ChessBase"]
[SourceDate "2017.10.13"]
[SourceVersion "1"]
[SourceVersionDate "2017.10.13"]
[SourceQuality "1"]

1. d4 Nf6 2. Nf3 e6 3. Bf4 d5 4. e3 Be7 5. Bd3 0-0 6. c3 c5 7. Nbd2 Nc6 8. Rc1 Bd7 9. Ne5 Ne8 10. Qh5 f5 11. g4 Nf6 12. Qh3 Nxe5 13. Bxe5 Nxg4 14. Nf3 Nxe5 15. Nxe5 Rf6 16. Rg1 Bf8 17. Qh4 Rc8 18. Nxd7 Qxd7 19. Qxf6 1-0

[Event "GER-chB Seniors 28th"]
[Site "Niederhausen"]
[Date "2016.08.20"]
[Round "8"]
[White "Krueger, Detlef"]
[Black "Weyand, Fernand"]
[Result "1-0"]
[WhiteElo "1733"]
[BlackElo "1848"]
[PlyCount "41"]
[EventDate "2016.08.13"]
[EventType "swiss"]
[EventRounds "9"]
[EventCountry "GER"]
[SourceTitle "EXT 2019"]
[Source "ChessBase"]
[SourceDate "2018.10.10"]
[SourceVersion "1"]
[SourceVersionDate "2018.10.10"]
[SourceQuality "1"]

1. e4 c6 2. Nf3 d5 3. exd5 cxd5 4. d4 Bg4 5. c4 e6 6. Nc3 Nf6 7. Bg5 Be7 8. Qa4+ Qd7 9. Ne5 Qxa4 10. Nxa4 Bf5 11. cxd5 Nxd5 12. Bb5+ Kf8 13. Rc1 Bb4+ 14. Ke2 Ne7 15. Bxe7+ Kxe7 16. Rc7+ Kd6 17. Rxb7 Rc8 18. Nc4+ Kd5 19. Rc1 Rf8 20. Ne3+ Kxd4 21. Rc4+ 1-0

[Event "GER-chB Seniors 28th"]
[Site "Niederhausen"]
[Date "2016.08.19"]
[Round "7"]
[White "Schmitthoefer, Herbert"]
[Black "Krueger, Detlef"]
[Result "0-1"]
[WhiteElo "1885"]
[BlackElo "1733"]
[PlyCount "64"]
[EventDate "2016.08.13"]
[EventType "swiss"]
[EventRounds "9"]
[EventCountry "GER"]
[SourceTitle "EXT 2019"]
[Source "ChessBase"]
[SourceDate "2018.10.10"]
[SourceVersion "1"]
[SourceVersionDate "2018.10.10"]
[SourceQuality "1"]

1. d4 d5 2. Nf3 Nf6 3. c4 c6 4. e3 Bf5 5. Nc3 e6 6. cxd5 exd5 7. Qb3 Qb6 8. Nh4 Qxb3 9. axb3 Bc2 10. Bd2 Bxb3 11. Bd3 Nbd7 12. Nf5 Nb6 13. Ke2 a5 14. e4 a4 15. e5 Nfd7 16. Rhe1 Nc4 17. Bc1 g6 18. Ne3 Ndb6 19. Nc2 Be7 20. Kf1 0-0 21. Kg1 Rfe8 22. f4 c5 23. Bxc4 Bxc2 24. Ba2 cxd4 25. Nxd5 Nxd5 26. Bxd5 Bb4 27. Re2 d3 28. Rxc2 dxc2 29. Be4 Rac8 30. Rxa4 Rc4 31. Rxb4 Rxb4 32. Bxc2 Rc4 0-1

[Event "Berlin-ch Seniors op 32nd"]
[Site "Berlin"]
[Date "2016.02.02"]
[Round "7"]
[White "Krueger, Detlef"]
[Black "Maetzing, Hans Dieter"]
[Result "1/2-1/2"]
[WhiteElo "1746"]
[BlackElo "1998"]
[PlyCount "61"]
[EventDate "2016.01.26"]
[EventType "swiss"]
[EventRounds "9"]
[EventCountry "GER"]
[SourceTitle "EXT 2019"]
[Source "ChessBase"]
[SourceDate "2018.10.10"]
[SourceVersion "1"]
[SourceVersionDate "2018.10.10"]
[SourceQuality "1"]

1. e4 d6 2. d4 Nf6 3. Nc3 c6 4. Nf3 Bg4 5. Be2 e6 6. 0-0 Be7 7. Be3 d5 8. e5 Nfd7 9. Qd2 c5 10. dxc5 Nxc5 11. Bb5+ Ncd7 12. Nd4 a6 13. Bxd7+ Nxd7 14. f4 Bc5 15. h3 Bxd4 16. Bxd4 Bf5 17. Qf2 h5 18. Rad1 Rh6 19. Kh2 Rc8 20. Rd2 Qe7 21. a3 Nc5 22. Bxc5 Rxc5 23. Qe3 Qc7 24. Rff2 b5 25. Na2 a5 26. c3 Ke7 27. Nc1 Rc4 28. Rd4 Rh8 29. Ne2 h4 30. Rxc4 bxc4 31. Nd4 1/2-1/2

[Event "Berlin-ch Seniors op 32nd"]
[Site "Berlin"]
[Date "2016.01.28"]
[Round "3"]
[White "Krueger, Detlef"]
[Black "Rehder, Frank"]
[Result "0-1"]
[WhiteElo "1746"]
[BlackElo "1888"]
[PlyCount "74"]
[EventDate "2016.01.26"]
[EventType "swiss"]
[EventRounds "9"]
[EventCountry "GER"]
[SourceTitle "EXT 2019"]
[Source "ChessBase"]
[SourceDate "2018.10.10"]
[SourceVersion "1"]
[SourceVersionDate "2018.10.10"]
[SourceQuality "1"]

1. Nf3 Nf6 2. c4 g6 3. Nc3 Bg7 4. d4 d6 5. e4 0-0 6. Be2 Nbd7 7. 0-0 e5 8. d5 Nc5 9. Qc2 a5 10. Be3 b6 11. a3 Ng4 12. Bg5 f6 13. Bd2 a4 14. h3 Nh6 15. Rab1 Nf7 16. Be3 f5 17. Bxc5 bxc5 18. Nd2 Bd7 19. Bd3 f4 20. b3 axb3 21. Rxb3 Ng5 22. Rfb1 Nxh3+ 23. gxh3 Qg5+ 24. Kh2 Qh4 25. Kg1 Qxh3 26. Bf1 Qg4+ 27. Kh2 f3 28. Ne2 fxe2 29. Bh3 Qf4+ 30. Rg3 Bxh3 31. Kxh3 Qxf2 32. Qc1 Bh6 33. Rd3 Bf4 34. Qg1 Qxg1 35. Rxg1 Bxd2 36. Rxd2 Rxa3+ 37. Kg2 Re3 0-1

[Event "Rheinland Pfalz op Seniors 13th"]
[Site "Neustadt an der Weinstrasse"]
[Date "2015.07.14"]
[Round "5"]
[White "Krueger, Detlef"]
[Black "Thronicke, Klaus Peter"]
[Result "1-0"]
[WhiteElo "1735"]
[BlackElo "1855"]
[PlyCount "117"]
[EventDate "2015.07.10"]
[EventType "swiss"]
[EventRounds "7"]
[EventCountry "GER"]
[SourceTitle "EXT 2019"]
[Source "ChessBase"]
[SourceDate "2018.10.10"]
[SourceVersion "1"]
[SourceVersionDate "2018.10.10"]
[SourceQuality "1"]

1. e4 d6 2. d4 Nf6 3. Nc3 g6 4. Nf3 Bg7 5. Be3 0-0 6. Qd2 Ng4 7. Bf4 e5 8. dxe5 dxe5 9. Qxd8 Rxd8 10. Bg3 Nd7 11. h3 Nh6 12. 0-0-0 f6 13. Bc4+ Nf7 14. Rd3 c6 15. Rhd1 Kf8 16. Bb3 Ke7 17. Bxf7 Kxf7 18. Na4 b6 19. Rd6 Bh6+ 20. Kb1 c5 21. Nc3 Ke7 22. Nh2 Bb7 23. Ng4 Bg7 24. f4 h5 25. Ne3 Rac8 26. f5 g5 27. Re6+ Kf7 28. Nb5 Bf8 29. Nc4 Kg7 30. Ncd6 Rb8 31. Nc7 Kg8 32. Nce8 Bxd6 33. Nxd6 h4 34. Bf2 Kf8 35. g3 hxg3 36. Bxg3 Ba6 37. h4 Be2 38. Rd2 Bh5 39. hxg5 Bf7 40. Nxf7 Kxf7 41. g6+ Kg8 42. Red6 Rb7 43. Bh4 Kg7 44. Bxf6+ Nxf6 45. Rxd8 Re7 46. b3 Rc7 47. Kb2 c4 48. Ka3 cxb3 49. axb3 Rc5 50. c4 Rc7 51. Kb4 Rc5 52. Ra8 a5+ 53. Ka3 Nxe4 54. Rd7+ Kh6 55. Rh8+ Kg5 56. g7 Nf6 57. Rd6 Kxf5 58. Rxf6+ Kxf6 59. g8Q 1-0